Top 10 des présidents américains ayant exercé le plus longtemps - Statistiques

Statistiques générales
  • Ce quiz a été pris 15 fois
  • Le résultat moyen est 6 sur 10
Statistiques - réponses
Hint Réponse % Correct
12 ans (1933-45) Franklin D. Roosevelt
86%
8 ans (1981-89) Ronald Reagan
86%
8 ans (1993-2001) Bill Clinton
79%
8 ans (1789-97) George Washington
79%
8 ans (1953-61) Dwight Eisenhower
64%
8 ans (1817-25) James Monroe
50%
8 ans (1829-37) Andrew Jackson
43%
8 ans (1809-17) James Madison
43%
8 ans (1801-09) Thomas Jefferson
43%
8 ans (1869-77) Ulysses Grant
43%
Aucun quiz correspondant
Distribution des résultats
% des personnes avec chaque résultat
Percentile par nombre de réponses
Votre historique - résultats
Vous n’avez pas pris ce quiz